La narración como exorcismo: Mario Vargas Llosa, obras 1963-2003

Gorde:
Xehetasun bibliografikoak
Egile nagusia: Angvik, Birger (Egilea)
Formatua: Liburua
Hizkuntza:gaztelania
Argitaratua: Lima Fondo de Cultura Económica 2004
Edizioa:1a. ed
Saila:Tierra Firme
Gaiak:
Etiketak: Etiketa erantsi
Etiketarik gabe, Izan zaitez lehena erregistro honi etiketa jartzen!

MARC

LEADER 00000nam a2200000 a 4500
001 UCI1573
003 CL-VaPUC
008 070706e20040000PE |||||||||||||||||spa|d
020 |a 997266340X 
082 0 4 |a Pe863.9  |b ANG  |2 21 
100 0 |a Angvik, Birger  |e author  |9 522156 
245 1 3 |a La narración como exorcismo: Mario Vargas Llosa, obras 1963-2003 
250 |a 1a. ed 
300 |a 331 p 
942 |c BK 
945 |d 20070706 00:00:00  |a jtorresc 
260 |a Lima  |b Fondo de Cultura Económica  |c 2004 
600 0 7 |a VARGAS LLOSA, MARIO  |2 CL-VaPUC  |9 318800 
650 0 |a Literatura peruana  |9 257452 
650 0 |a Crítica e interpretación   |9 255042 
651 0 |a Perú  |9 256567 
583 |a last modification  |c 20070706 00:00:00  |k Rodrigo Vera 
490 0 |a Tierra Firme 
999 |c 326356  |d 326354 
952 |0 0  |1 0  |4 0  |6 PE_863_900000000000000_ANG_2004  |7 0  |8 A  |9 408215  |a BIBEDU  |b BIBEDU  |d 2019-11-22  |i 4351215  |o Pe863.9 ANG 2004  |p 4351215  |r 2019-11-22  |w 2019-11-22  |y BK  |k LIT